Alle Torschützen des 2. Spieltages der EM 2024 - Statistiken

Allgemein
  • Dieses Quiz wurde 30 mal gespielt
  • Das Durchschnittsergebnis liegt bei 8 aus 26
Antwortstatistiken
Tor(e) Nation Torschütze % Korrekt
1 Deutschland Jamal Musiala
93%
1 Deutschland Ilkay Gündogan
78%
1 England Harry Kane
63%
1 Belgien Kevin De Bruyne
56%
1 Schweiz Xherdan Shaqiri
44%
1 Portugal Bruno Fernandes
41%
1 Österreich Marko Arnautovic
41%
1 Österreich Christoph Baumgartner
37%
2 Albanien Klaus Gjasula
37%
1 Kroatien Andrej Kramaric
33%
1 Portugal Bernado Silva
33%
1 Slowakei Ivan Schranz
33%
1 Schottland Scott McTominay
30%
1 Georgien Georges Mikautadze
22%
1 Österreich Gernot Trauner
22%
1 Tschechien Patrik Schick
22%
1 Belgien Youri Tielemans
19%
1 Italien Riccardo Calafiori
15%
1 Ukraine Roman Yaremchuk
15%
1 Polen Krzysztof Piatek
11%
1 Dänemark Morten Hjulmand
11%
1 Albanien Qazim Laci
11%
1 Ukraine Mykola Shaparenko
4%
1 Türkei Samet Akaydin
4%
1 Serbien Luka Jovis
0%
1 Slowenien Zan Karnicnik
0%
Keine übereinstimmenden Quizze gefunden
Verteilung der Resultate
Anzahl Personen mit jedem Resultat
Perzentil nach korrekt beantworteten Fragen
Ihre Resultats-Entwicklung
Sie haben dieses Quiz noch nicht gespielt